La era del vacío: ensayos sobre el individualismo contemporáneo
Na minha lista:
| Autor principal: | |
|---|---|
| Formato: | Livro |
| Idioma: | espanhol |
| Publicado em: |
Barcelona
Anagrama
2008
|
| Edição: | 6a. ed |
| Colecção: | Compactos, 324
|
| Assuntos: | |
| Tags: |
Adicionar Tag
Sem tags, seja o primeiro a adicionar uma tag!
|
MARC
| LEADER | 00000cam a2200000 a 4500 | ||
|---|---|---|---|
| 001 | UCH2518 | ||
| 003 | CL-VaPUC | ||
| 008 | 090618e20080000SP |||||||||||||||||spa|d | ||
| 020 | |a 9788433967558 | ||
| 082 | 0 | 4 | |a 141.4 |b LIP |2 21 |
| 100 | |a Lipovetsky, Gilles |e autor |9 579825 | ||
| 245 | 1 | 3 | |a La era del vacío: ensayos sobre el individualismo contemporáneo |
| 250 | |a 6a. ed | ||
| 300 | |a 220 p | ||
| 942 | |c BK | ||
| 945 | |d 20090618 00:00:00 |a rbrito | ||
| 260 | |a Barcelona |b Anagrama |c 2008 | ||
| 650 | 0 | |a Individualismo |9 313336 | |
| 583 | |a last modification |c 20130516 12:51:04 |k Rodrigo Vera | ||
| 490 | 0 | |a Compactos, 324 | |
| 999 | |c 334249 |d 334247 | ||
| 952 | |0 0 |1 0 |4 0 |6 141_400000000000000_LIP_2008 |7 0 |8 A |9 423118 |a BIBCUR |b BIBCUR |d 2019-11-22 |i 4562097 |l 6 |m 2 |o 141.4 LIP 2008 |p 4562097 |r 2025-04-22 |s 2024-05-13 |w 2019-11-22 |y BK |k PER | ||
| 952 | |0 0 |1 0 |4 0 |6 141_400000000000000_LIP_2008 |7 0 |8 A |9 423119 |a BIBGIM |b BIBGIM |d 2019-11-22 |i 4975529 |o 141.4 LIP 2008 |p 4975529 |r 2025-01-15 |w 2019-11-22 |y BK |k MTS | ||
| 952 | |0 0 |1 0 |3 erb |4 0 |6 141_400000000000000_LIP_2008 |7 0 |8 A |9 423120 |a BIBGIM |b BIBGIM |i 5435196 |l 1 |m 2 |o 141.4 LIP 2008 |p 5435196 |r 2025-01-15 |s 2024-05-28 |w 2019-11-22 |y BK |z Catalogado en:20171117 |k SSL | ||
| 952 | |0 0 |1 0 |3 erb |4 0 |6 141_400000000000000_LIP_2008 |7 0 |8 A |9 423121 |a BIBGIM |b BIBGIM |i 543520K |o 141.4 LIP 2008 |p 543520K |r 2025-01-15 |w 2019-11-22 |y BK |z Catalogado en:20171117 |k SSL | ||
| 952 | |0 0 |1 0 |3 erb |4 0 |6 141_400000000000000_LIP_2008 |7 0 |8 A |9 423122 |a BIBGIM |b BIBGIM |i 5435218 |l 2 |m 1 |o 141.4 LIP 2008 |p 5435218 |r 2025-01-15 |s 2024-05-31 |w 2019-11-22 |y BK |z Catalogado en:20171117 |k SSL | ||
| 952 | |0 0 |1 0 |3 erb |4 0 |6 141_400000000000000_LIP_2008 |7 0 |8 A |9 423123 |a BIBGIM |b BIBGIM |i 5435226 |o 141.4 LIP 2008 |p 5435226 |r 2025-01-15 |w 2019-11-22 |y BK |z Catalogado en:20171117 |k SSL | ||
| 952 | |0 0 |1 0 |3 erb |4 0 |6 141_400000000000000_LIP_2008 |7 0 |8 A |9 423124 |a BIBGIM |b BIBGIM |i 5435234 |o 141.4 LIP 2008 |p 5435234 |r 2025-01-15 |w 2019-11-22 |y BK |z Catalogado en:20171117 |k SSL | ||